01349nam a2200337 a 4500001001000000003000500010005001700015008004100032010001100073011001100084040000900095090001000104100005200114245011100166260004100277500006000318502014100378590004100519590004000560590004000600650004800640650003100688650003800719650002800757856007000785901000700855942001000862942000600872999001900878952011400897000116080CHAP20220329144600.0190904s2019 mx a |sm |||||||spa d a112541 a113513 cCHAP aTesis1 aZamarripa Contreras, Mariana Elizabeth.913680310aEvaluación de la tolerancia de sanidad en higoh[En línea]cpor Mariana Elizabeth Zamarripa Contreras. aChapingo, Méx. :bEl autor,c2019. aPara ver el contenido del material haga clic en la liga aTesis (M.C. en Ciencias en Recursos Naturales y Medio Ambiente en Zonas Aridas) -- UACH. Unidad Regional Universitaria de Zonas Áridas aE11695DGDb10c20190905lUCH01h0945 aE6339RRRb05c20190904lUCH01h1500 aE6339RRRb05c20190904lUCH01h150014aArboles frutalesxElementos minerales9667314aHigoxCrecimiento.913027414aPlantasxEfecto de la sal.98881714aSuelos salinos.9110558 aFinding aiduhttp://10.13.5.2/tesis/sist116080.pdfzTeclea aquí aBK cTESIS n0 c112541d112541 00102local40718TESISaBCbBCd2019-09-04fTESISl0oTesisp116092-10r2019-12-31 00:00:00w2019-09-04yCD